[Event "Pankrac Cup 2013"]
[Site "Prague CZE"]
[Date "2013.10.01"]
[Round "4"]
[White "Konopka,M"]
[Black "Rasik,V"]
[Result "1-0"]
[WhiteElo "2416"]
[BlackElo "2465"]

1.Nf3 Nf6 2.c4 g6 3.g3 Bg7 4.Bg2 O-O 5.d4 d6 6.O-O Nc6 7.Nc3 a6 8.Bf4 Rb8
9.Rc1 Re8 10.Qd2 Bg4 11.Rfd1 Nd7 12.Be3 e5 13.dxe5 Bxf3 14.exf3 Ncxe5 15.b3 Nc5
16.Bxc5 dxc5 17.f4 Qxd2 18.Rxd2 Ng4 19.Bf3 Nf6 20.g4 h6 21.Kg2 c6 22.Na4 Bf8
23.Nb6 Rbd8 24.Rcd1 Rd4 25.g5 hxg5 26.fxg5 Ne4 27.Rxd4 cxd4 28.Nd7 Bg7 29.Bxe4 Rxe4
30.Kf3 Rh4 31.Kg3 Re4 32.Kf3 Rh4 33.Nc5 Rxh2 34.Kg3 Rh5 35.f4 f6 36.Rxd4 fxg5
37.Rd8+ Kh7 38.Nxb7 gxf4+ 39.Kxf4 Rf5+ 40.Kg4 Kh6 41.Rd6 Be5 42.Rxc6 Rf4+
43.Kh3 Rf2 44.Re6 Bc7 45.Rxa6 Kh5 46.Nd6 Bxd6 47.Rxd6 Rxa2 48.c5 Rc2 49.b4 g5
50.c6 g4+ 51.Kg3 Rc3+ 52.Kf2 Kh4 53.b5 g3+ 54.Ke2 Rc2+ 55.Kf1 Rc1+ 56.Kg2 Rc2+
57.Kf3 Rc3+ 58.Ke4 g2 59.Rd1 Kg4 60.Rg1 Kg3 61.Kd5 Rd3+ 62.Kc4 Rd2 63.b6 Rc2+
64.Kb5  1-0

[Event "3rd Holuj-Radzikowska Mem"]
[Site "Wroclaw POL"]
[Date "2013.10.04"]
[Round "7.4"]
[White "Mkrtchian,L"]
[Black "Socko,M"]
[Result "1-0"]
[WhiteElo "2469"]
[BlackElo "2444"]

1.c4 Nf6 2.Nf3 g6 3.g3 Bg7 4.Bg2 O-O 5.O-O d6 6.Nc3 Nc6 7.Rb1 a5 8.a3 e5
9.d3 Re8 10.Bg5 h6 11.Bxf6 Bxf6 12.b4 axb4 13.axb4 Bg7 14.b5 Ne7 15.Nd5 Nxd5
16.cxd5 e4 17.dxe4 Rxe4 18.e3 Rea4 19.Qb3 Ra3 20.Qc4 Bf5 21.Rbc1 Bd3 22.Qxc7 Qxc7
23.Rxc7 Ra1 24.h4 Bxf1 25.Bxf1 Rd1 26.Kg2 Raa1 27.Be2 Rdc1 28.Rxc1 Rxc1 29.h5 g5
30.Nh2 Rc5 31.e4 Rc2 32.Kf1 Bd4 33.Ng4 Kg7 34.f4 Rc1+ 35.Kg2 Rg1+ 36.Kf3 gxf4
37.gxf4 f6 38.Nh2 Rc1 39.Nf1 Rc3+ 40.Kg2 Be3 41.Kf3 Bd2+ 42.Kg4 Be1 43.Kf5 Rc2
44.Bd3 Rf2 45.Ke6 Rf3 46.Be2 Rxf4 47.Bd3 f5 48.exf5 Bb4 49.Ke7 Rf3 50.f6+ Rxf6
51.Ng3 Rf3 52.Nf5+ Kh8 53.Be4 Rf1 54.Nxh6 Re1 55.Kf8 Rxe4 56.Nf7+ Kh7 57.Ng5+ Kh6
58.Nxe4 Kxh5 59.Ke7 Kg4 60.Nxd6 Kf4 61.Ke6 b6 62.Nc8 Ke4 63.d6  1-0

[Event "Reykjavik CC GM 2013"]
[Site "Reykjavik ISL"]
[Date "2013.10.05"]
[Round "5.2"]
[White "Kjartansson,G"]
[Black "Ziska,H"]
[Result "0-1"]
[WhiteElo "2447"]
[BlackElo "2485"]

1.Nf3 Nf6 2.c4 g6 3.g3 Bg7 4.Bg2 O-O 5.Nc3 d6 6.d4 c6 7.O-O Qa5 8.e4 e5 9.h3 Nbd7
10.Be3 Nb6 11.Nd2 exd4 12.Bxd4 Be6 13.Qf3 Nfd7 14.Bxg7 Kxg7 15.b3 Qc5 16.Ne2 a5
17.Qc3+ Kg8 18.Kh2 f6 19.Rad1 Bf7 20.Nc1 Qe5 21.Qe3 a4 22.Nd3 Qe7 23.Qd4 axb3
24.axb3 Ra2 25.Nc1 Ra6 26.Nb1 Nc8 27.f4 Re8 28.Nd3 Qd8 29.Qb2 Qa5 30.Nc3 Qa3
31.Qc2 Nc5 32.Nxc5 Qxc5 33.e5 f5 34.g4 dxe5 35.gxf5 exf4 36.Rd7 Qe5 37.Be4 Ne7
38.Kh1 Nxf5 39.Bxf5 Qxf5 40.Qxf5 gxf5 41.Rxb7 Re3 42.Na4 Rxh3+ 43.Kg2 Rg3+
44.Kh2 Rg4 45.Rb6 Bxc4 46.bxc4 Rxa4 47.Rxc6 Ra2+ 48.Kh1 Ra3 49.Rh6 Kg7 50.Rh2 Rc3
51.Ra1 Kg6 52.Ra6+ Kg5 53.Rxh7 Rc1+ 54.Kh2 f3 55.Ra2 Re1 56.Rb7 Kf4 57.Kh3 Rh1+
58.Rh2 Rh4+  0-1

[Event "Reykjavik CC GM 2013"]
[Site "Reykjavik ISL"]
[Date "2013.10.05"]
[Round "6.2"]
[White "Danielsen,Hen"]
[Black "Bekker Jensen,S"]
[Result "1/2-1/2"]
[WhiteElo "2501"]
[BlackElo "2420"]

1.Nf3 Nf6 2.c4 g6 3.g3 Bg7 4.Bg2 O-O 5.O-O d6 6.d4 c6 7.Nc3 Qa5 8.e4 e5 9.h3 Nbd7
10.Re1 exd4 11.Nxd4 Ne5 12.Bf1 Re8 13.Be3 c5 14.Nf3 Nxf3+ 15.Qxf3 Nd7 16.Bd2 Ne5
17.Qe3 Be6 18.b3 a6 19.Kg2 Qd8 20.Rac1 Nc6 21.f4 Nd4 22.g4 b5 23.Qg3 b4 24.Ne2 Bd7
25.Nxd4 Bxd4 26.Kh2 Bc6  1/2-1/2

[Event "Lichtenrader Herbst 2013"]
[Site "Berlin GER"]
[Date "2013.10.06"]
[Round "9.3"]
[White "Romanishin,O"]
[Black "Mikkelsen,N"]
[Result "1/2-1/2"]
[WhiteElo "2499"]
[BlackElo "2412"]

1.Nf3 Nf6 2.g3 g6 3.c4 Bg7 4.Bg2 O-O 5.d4 d6 6.O-O c6 7.b3 e5 8.dxe5 dxe5
9.Ba3 Qxd1 10.Rxd1 Re8 11.Nc3 Na6 12.Rac1 Bh6 13.e3 Bf8 14.Bxf8 Kxf8 15.h3 Bd7
16.g4 h6 17.Rd6 Kg7 18.a3 Re7 19.b4 Nc7 20.Rdd1 Rf8 21.Nd2 h5 22.g5 Nh7 23.Nce4 Ne8
24.h4 f6 25.a4 fxg5 26.Nxg5 Nxg5 27.hxg5 Nc7 28.Ne4 Bg4 29.Rd6 Ne6 30.Re1 Rf5
31.Ng3 Rff7 32.Ne4 Rf5 33.Ng3 Rff7 34.Ne4 Rf5  1/2-1/2

[Event "4NCL Indiv Rapid 2013"]
[Site "Daventry ENG"]
[Date "2013.10.06"]
[Round "5.8"]
[White "Coleman,J"]
[Black "Mayhew,A"]
[Result "1/2-1/2"]
[WhiteElo "2127"]
[BlackElo "2058"]

1.Nf3 Nf6 2.c4 g6 3.g3 Bg7 4.Bg2 O-O 5.Nc3 d5 6.cxd5 Nxd5 7.O-O Nb6 8.d3 Nc6
9.Be3 e5 10.Rc1 Nd4 11.Qd2 c6 12.Bh6 Re8 13.Bxg7 Kxg7 14.Rfd1 Bg4 15.Ng5 Qe7
16.Re1 Rad8 17.h3 Nc4 18.Qd1 Nxb2 19.Qd2 Nc4 20.Qd1 Qxg5 21.hxg4 Nb6 22.e3 Ne6
23.Ne4 Qe7 24.Qc2 Rd7 25.Qc3 f6 26.g5 Nxg5 27.Nxg5 fxg5 28.d4 Qf6 29.dxe5 Qxe5
30.Qb4 Qe7 31.Qa5 Nc8 32.Bh3 Rd5 33.Qa4 b5 34.Qc2 c5 35.Qb2+ Qf6 36.Qxb5 Rd2
37.Re2 Nd6 38.Qa6 Rxe2 39.Qxe2 c4 40.Qc2 h5 41.Bg2 Rc8 42.e4 c3 43.Re1 Nc4
44.Rd1 Na3 45.Qa4 c2 46.Qxa7+ Qf7 47.Qd4+ Kh7 48.Rc1 Rc4 49.Qd3 Qa7 50.e5 Rc7
51.e6 Qc5 52.Be4 Qc3 53.Qxc3 Rxc3 54.e7 Rc8 55.Bxc2 Re8 56.Bb3 Rxe7 57.Rc6 Nb5
58.a4 Nd4 59.Rb6 Nf3+ 60.Kg2 g4 61.Bd1 Ne1+ 62.Kf1 Nd3 63.Be2 Nc1 64.Bc4 Rd7
65.a5 Nd3 66.Bxd3 Rxd3 67.a6 Ra3 68.Rb7+ Kh6 69.a7 g5 70.Rb6+ Kh7 71.Rb7+ Kg6
72.Rb6+ Kg7 73.Rb7+ Kh6 74.Ke2  1/2-1/2

[Event "Reykjavik CC GM 2013"]
[Site "Reykjavik ISL"]
[Date "2013.10.08"]
[Round "9.5"]
[White "Danielsen,Hen"]
[Black "Olafsson,Thorv"]
[Result "1-0"]
[WhiteElo "2501"]
[BlackElo "2266"]

1.Nf3 Nf6 2.c4 g6 3.g3 Bg7 4.Bg2 O-O 5.d4 d5 6.cxd5 Nxd5 7.O-O Nc6 8.Nc3 Nb6
9.d5 Na5 10.Qc2 c6 11.dxc6 Nxc6 12.Rd1 Qe8 13.Qe4 Bf5 14.Qh4 f6 15.g4 Bc2
16.Rd2 g5 17.Qg3 Bg6 18.h4 h6 19.b3 f5 20.Bb2 fxg4 21.Qxg4 Bf5 22.Qg3 g4
23.Nd1 e5 24.Nh2 h5 25.Ne3 Bg6 26.Rad1 Nd4 27.Bxb7 Rd8 28.Ba6 Qe7 29.Nhf1 Bf6
30.Qg2 Bxh4 31.Ng3 Rf4 32.Bc4+ Nxc4 33.bxc4 Qf7 34.Nd5 Bxg3 35.Qxg3 Nf5 36.Nf6+ Kg7
37.Qxf4 exf4 38.Rxd8 Qxc4 39.Nxg4+  1-0

[Event "7th Univ Cent Open 2013"]
[Site "Bogota COL"]
[Date "2013.10.11"]
[Round "3.12"]
[White "Estrella Becerra,Fernando"]
[Black "Obregon Rivero,J"]
[Result "0-1"]
[WhiteElo "2048"]
[BlackElo "2526"]

1.Nf3 Nf6 2.c4 g6 3.g3 Bg7 4.Bg2 O-O 5.O-O d5 6.cxd5 Nxd5 7.Nc3 Nb6 8.d4 Nc6
9.e3 Re8 10.b3 e5 11.dxe5 Nxe5 12.Nxe5 Bxe5 13.Bb2 a5 14.Qe2 a4 15.Ne4 axb3
16.axb3 Rxa1 17.Rxa1 c6 18.Bxe5 Rxe5 19.Rd1 Qe7 20.Nd6 Be6 21.Qb2 f6 22.Qd4 Bxb3
23.Rb1 c5 24.Qd3 c4 25.Qd4 Re6 26.Nxb7 Kg7 27.Qc5 Qd7 28.Bh3 f5 29.Qd4+ Qxd4
30.exd4 Na4 31.Bf1 c3 32.Na5 Bd5 33.Bc4 Bxc4 34.Nxc4 Re4 35.Ne3 Rxd4 36.Rb7+ Kf6
37.Rxh7 g5 38.h4 Rd1+ 39.Kg2 f4 40.gxf4 gxf4 41.Nc2 Rd2 42.Nb4 Nb2 43.Kf3 Nd1
44.Ke4 Nxf2+ 45.Kxf4 Rd4+ 46.Ke3 Rxb4 47.Rc7 Rb2 48.h5 Nd1+ 49.Kf3 Rh2 50.Rd7 c2
51.Rc7 Nc3  0-1

[Event "TCh-ISL Div1 2013-14"]
[Site "Reykjavik ISL"]
[Date "2013.10.11"]
[Round "2.2"]
[White "Danielsen,Hen"]
[Black "Thorsteinsson,B"]
[Result "1-0"]
[WhiteElo "2501"]
[BlackElo "2203"]

1.Nf3 Nf6 2.c4 g6 3.g3 Bg7 4.Bg2 O-O 5.d4 d6 6.O-O Nbd7 7.Nc3 c6 8.e4 e5
9.h3 Re8 10.Be3 exd4 11.Nxd4 Nc5 12.Qc2 Qe7 13.Rfe1 a5 14.Rad1 Nfd7 15.b3 Ne6
16.Qd2 Ndc5 17.Nde2 Rd8 18.f4 Na6 19.g4 Rd7 20.Na4 Rd8 21.Qxa5 Bd7 22.Nb6 Rab8
23.Qd2 Be8 24.b4 Nec7 25.a3 Na8 26.Ng3 Nxb6 27.Bxb6 Rd7 28.g5 Ra8 29.h4 Nc7
30.Qe3 Ra6 31.Bh3 Rd8 32.e5 dxe5 33.Bc5 Rxd1 34.Rxd1  1-0

[Event "Chinese Teams 2013"]
[Site "Qingdao CHN"]
[Date "2013.10.12"]
[Round "13.1"]
[White "Bu Xiangzhi"]
[Black "Li Shilong"]
[Result "1-0"]
[WhiteElo "2667"]
[BlackElo "2523"]

1.Nf3 Nf6 2.c4 g6 3.g3 Bg7 4.Bg2 O-O 5.O-O d6 6.d4 Nbd7 7.Nc3 e5 8.e4 c6
9.h3 exd4 10.Nxd4 Qb6 11.Nc2 Qc7 12.Re1 Re8 13.b3 a6 14.Ba3 Bf8 15.Qd2 b5
16.Rad1 Nc5 17.Qd4 Nfd7 18.Bb2 Ne5 19.f4 Ne6 20.Qf2 Nd7 21.Nd4 Nxd4 22.Qxd4 Qa7
23.Qxa7 Rxa7 24.e5 dxe5 25.Bxc6 Re6 26.Bd5 Rb6 27.fxe5 Nc5 28.Bg2 Ne6 29.Nd5 Rb8
30.Nf6+ Kg7 31.Ne8+ Kg8 32.Nd6 bxc4 33.Nxc4 a5 34.Nd6 a4 35.b4 Rxb4 36.Nxc8 Rxb2
37.Nxa7 Bc5+ 38.Kh1 Bxa7 39.Rd7 Bf2 40.Rf1 Rxa2 41.Bd5 Rc2 42.Bxe6 fxe6 43.Rb1 Rc8
44.Kg2 Be3 45.Rbb7 a3 46.Rg7+ Kf8 47.Rxh7 Kg8 48.Rbg7+ Kf8 49.Rh8+ Kxg7 50.Rxc8 Bd4
51.Ra8 Bxe5 52.Rxa3 Kf6 53.Kf3 Kf5 54.Ra5 Kf6 55.Kg4 Bc3 56.Ra3 Bb2 57.Rf3+ Kg7
58.h4 Bd4 59.Rd3 Bb2 60.Re3 Kf6 61.h5 Bd4 62.Rf3+ Kg7 63.Kg5 gxh5 64.Kxh5 e5
65.g4 Bb2 66.Rb3 Bd4 67.g5 Kf7 68.Rb7+ Ke6 69.g6 e4 70.Kg4  1-0

[Event "TCh-Belgrade Premier liga 2013"]
[Site "Belgrade SRB"]
[Date "2013.10.13"]
[Round "2.3"]
[White "Pantovic,D"]
[Black "Dobrijevic,M"]
[Result "1/2-1/2"]
[WhiteElo "2156"]
[BlackElo "2230"]

1.Nf3 Nf6 2.c4 g6 3.g3 Bg7 4.Bg2 O-O 5.d4 d5 6.cxd5 Nxd5 7.O-O Nb6 8.Nc3 Nc6
9.d5 Bxc3 10.bxc3 Qxd5 11.Nd4 Qc4 12.Nxc6 bxc6 13.Bh6 Re8 14.Qd4 Qxd4 15.cxd4 Bb7
16.Rfc1 Red8 17.e3 Nd5 18.Rab1 Rab8 19.Rb3 Ba8 20.Bxd5 cxd5 21.Rxb8 Rxb8
22.Rxc7 Re8 23.Rxa7 f6 24.Bf4 Bc6 25.Bc7 Ra8 26.Rxa8+ Bxa8 27.Kf1 Kf7 28.Ke2 Ke6
29.Bb6 Kd7 30.Bc5 Bc6 31.Kd2 Bb5 32.Kc3 e6 33.Kb4 Bc4 34.a4 Kc6 35.e4 Bf1
36.Be7 f5 37.exf5 exf5 38.Kc3 Ba6 39.Kd2 Kd7 40.Bg5 h5 41.Ke3 Ke6 42.Kf4 Bc4
43.a5 Bb5 44.Bd8 Bc4 45.Kg5 Kf7 46.Bf6 Be2 47.Be5 Bb5  1/2-1/2

[Event "TCh-Belgrade Premier liga 2013"]
[Site "Belgrade SRB"]
[Date "2013.10.15"]
[Round "4.2"]
[White "Pantovic,D"]
[Black "Maksimovic,Ma"]
[Result "1/2-1/2"]
[WhiteElo "2156"]
[BlackElo "2186"]

1.Nf3 Nf6 2.c4 g6 3.g3 Bg7 4.Bg2 O-O 5.d4 d5 6.cxd5 Nxd5 7.O-O Nc6 8.e4 Nb6
9.d5 Na5 10.h3 c6 11.dxc6  1/2-1/2

[Event "3rd Central Asia Cup"]
[Site "Dushanbe TJK"]
[Date "2013.10.16"]
[Round "5.5"]
[White "Maznitsin,A"]
[Black "Kuderinov,K"]
[Result "0-1"]
[WhiteElo "2306"]
[BlackElo "2465"]

1.c4 Nf6 2.Nf3 g6 3.g3 Bg7 4.Bg2 O-O 5.O-O d6 6.d4 Nc6 7.Nc3 Bf5 8.d5 Na5
9.Nd4 Bd7 10.b3 c5 11.dxc6 bxc6 12.Nc2 Rb8 13.Bg5 Qc8 14.Qd2 Bh3 15.Rad1 Bxg2
16.Kxg2 Nb7 17.Bh6 Nc5 18.Bxg7 Kxg7 19.Rfe1 Rd8 20.e4 e5 21.h3 Kg8 22.f4 exf4
23.Qxf4 Nh5 24.Qf2 Ne6 25.e5 dxe5 26.Rxd8+ Qxd8 27.Rxe5 Rb7 28.Re2 Rd7 29.Ne3 Rd3
30.Na4 Qg5 31.Ng4 Rxg3+ 32.Kh2 Qh4 33.Nh6+ Kg7  0-1

[Event "3rd Central Asia Cup"]
[Site "Dushanbe TJK"]
[Date "2013.10.16"]
[Round "5.1"]
[White "Kotsur,P"]
[Black "Vakhidov,J"]
[Result "0-1"]
[WhiteElo "2559"]
[BlackElo "2423"]

1.Nf3 Nf6 2.c4 g6 3.g3 Bg7 4.Bg2 O-O 5.O-O d6 6.d4 Nc6 7.Nc3 Bg4 8.Be3 Nd7
9.Qd2 e5 10.dxe5 Bxf3 11.exf3 Ndxe5 12.Qe2 Na5 13.c5 Nec4 14.cxd6 Bxc3 15.dxc7 Qxc7
16.bxc3 Nxe3 17.Qxe3 Rfe8 18.Qd4 Red8 19.Qb4 Rd3 20.Rac1 Rd2 21.a4 Nc4 22.Rb1 b6
23.Rfe1 Rad8 24.Bf1 Ne5 25.Qf4 Qc5 26.Re3 Nc6 27.Bc4 R2d7 28.Rbe1 Kg7 29.Bb5 Rd6
30.Kg2 Rf6 31.Qc4 Rd5 32.Qxc5 Rxc5 33.Rd1 g5 34.Rd7 a6 35.Be2 Ra5 36.Re4 Rc5
37.Bxa6 Nb8 38.Bb5 Nxd7 39.Bxd7 Rxc3 40.Bg4 Kg6 41.f4 gxf4 42.gxf4 Rd6 43.Be2 Re6
44.Rc4 Rxc4 45.Bxc4 Re1 46.Bd3+ Kg7 47.Kf3 Rh1 48.Kg3 Rg1+ 49.Kf3 Ra1 50.Bb5 Ra3+
51.Kg2 Kf6 52.f3 Ra1 53.Kg3 Rg1+ 54.Kf2 Rg7 55.Bd3 Ke6 56.h4 h6 57.Bc4+ Ke7
58.Bb3 Rg8 59.Bc4 Rc8 60.Bb5 Rc5 61.Bd3 Rc3 62.Bb5 Rb3 63.Bc6 Rb2+ 64.Kg3 f5
65.Kh3 Kd6 66.Be8 Rc2 67.Kg3 Rc4 68.Bb5 Rd4 69.h5 Rd1 70.Kg2 Kc5 71.Be8 Kd4
72.Bd7 Ke3 73.Bxf5 Rd4 74.Be4 Kxf4 75.Bc6 Rc4 76.Bb5 Rc2+  0-1

[Event "TCh-AUT 2nd West 2013-14"]
[Site "Austria AUT"]
[Date "2013.10.18"]
[Round "1.2"]
[White "Kleissl,H"]
[Black "Koepke,C"]
[Result "1-0"]
[WhiteElo "2275"]
[BlackElo "2344"]

1.Nf3 Nf6 2.c4 g6 3.g3 Bg7 4.Bg2 O-O 5.O-O d6 6.d4 c6 7.Nc3 Qa5 8.h3 e5 9.dxe5 dxe5
10.Bd2 Qc7 11.Qc1 Re8 12.Bh6 Bh8 13.Qe3 Na6 14.Rfd1 Bf5 15.Rac1 Qe7 16.b3 Nc5
17.b4 Ncd7 18.c5 a5 19.a3 axb4 20.axb4 Bg7 21.Nd2 Be6 22.Bxg7 Kxg7 23.Nde4 Ra3
24.Nxf6 Nxf6 25.Qxe5 Bf5 26.Qxe7 Rxe7 27.Rd4 Rb3 28.e4 Be6 29.f4 Re8 30.g4 h6
31.e5 Nd5 32.Nxd5 Bxd5 33.Bxd5 cxd5 34.Ra1 f6 35.Ra7 fxe5 36.Rxb7+ Kf6 37.Rxd5 exf4
38.Rb6+ Re6 39.Rxe6+ Kxe6 40.Rd4 Ke5 41.Rc4 Kd5 42.c6 Rb1+ 43.Kf2 Rb2+ 44.Ke1 Rb1+
45.Kd2 Kxc4 46.c7 Rb2+ 47.Kc1 Rxb4 48.c8=Q+ Kd3 49.Qc2+ Kd4 50.Qxg6 Ke3 51.Qxh6 Rc4+
52.Kd1 Rd4+ 53.Ke1 Re4 54.Kf1 Rd4 55.Qe6+ Kf3 56.Qe2+  1-0

[Event "Oscaro Open 2013"]
[Site "Bastia FRA"]
[Date "2013.10.19"]
[Round "3.9"]
[White "Fridman,D"]
[Black "Debray,C"]
[Result "1/2-1/2"]
[WhiteElo "2602"]
[BlackElo "2357"]

1.Nf3 Nf6 2.c4 g6 3.g3 Bg7 4.Bg2 O-O 5.d4 d6 6.Nc3 Nbd7 7.O-O e5 8.e4 exd4
9.Nxd4 Re8 10.Re1 Ne5 11.b3 a6 12.f4 Nc6 13.Nxc6 bxc6 14.e5 dxe5 15.Bxc6 Bd7
16.Bxa8 Qxa8 17.fxe5 Bh3 18.Nd5 Ng4 19.Bb2 Rd8 20.Qd4 c6 21.Ne7+ Kh8 22.Qc5 Rd2
23.Bd4 Rg2+ 24.Kh1 Rxh2+ 25.Kg1 Rg2+ 26.Kh1 Rh2+ 27.Kg1  1/2-1/2

[Event "3rd Central Asia Cup"]
[Site "Dushanbe TJK"]
[Date "2013.10.19"]
[Round "8.5"]
[White "Kotsur,P"]
[Black "Isaev,J"]
[Result "1-0"]
[WhiteElo "2559"]
[BlackElo "2322"]

1.Nf3 Nf6 2.c4 g6 3.g3 Bg7 4.Bg2 O-O 5.d4 d5 6.cxd5 Nxd5 7.O-O Nb6 8.Nc3 Nc6
9.e3 e5 10.d5 Na5 11.e4 c6 12.d6 Bg4 13.Qd3 Qd7 14.b3 c5 15.Qb1 Nc6 16.Ba3 Bxf3
17.Bxf3 Nd4 18.Qd3 Qxd6 19.Nb5 Nxf3+ 20.Qxf3 Qc6 21.Nc3 Rfd8 22.Rac1 Rac8
23.Rfd1 Rd4 24.Ne2 Rxd1+ 25.Rxd1 c4 26.Nc3 cxb3 27.axb3 f5 28.Rd3 Bf8 29.Bxf8 Rxf8
30.Qe2 f4 31.Qd2 Qc5 32.Nd5 Nxd5 33.Rxd5 Qc7 34.Rd7 Qc6 35.Qd5+ Qxd5 36.Rxd5 fxg3
37.hxg3 Rf3 38.b4 Rb3 39.b5 a5 40.bxa6 bxa6 41.Rxe5 Kf7 42.Ra5 Rb6 43.Kg2 Kf6
44.f4 h5 45.Kh3 Re6 46.Ra4 Rb6 47.Kh4 Re6 48.Rc4 a5 49.e5+ Kf5 50.Rc8 g5+
51.fxg5 Kg6 52.Ra8 Rxe5 53.Ra6+ Kg7 54.Kxh5 Rb5 55.Ra7+ Kg8 56.Kh6 Rb6+ 57.g6 Rb8
58.Rxa5 Rc8 59.Ra6 Rf8 60.g4 Rc8  1-0

[Event "TCh-CZE Zapad 2013-14"]
[Site "Czech Rep CZE"]
[Date "2013.10.20"]
[Round "1.8"]
[White "Munk,Pe"]
[Black "Fryc,M"]
[Result "1-0"]
[WhiteElo "2146"]
[BlackElo "2165"]

1.Nf3 Nf6 2.c4 g6 3.g3 Bg7 4.Bg2 O-O 5.Nc3 c5 6.d4 d5 7.dxc5 dxc4 8.Qa4 Nd5
9.O-O Nxc3 10.bxc3 Nc6 11.Rd1 Qa5 12.Qxa5 Nxa5 13.Nd4 Bd7 14.Rb1 Ba4 15.Rd2 Rac8
16.Bxb7 Rxc5 17.Ba3 Rc7 18.Bf3 Nc6 19.Bxc6 Bxc6 20.Nxc6 Rxc6 21.Bxe7 Re8
22.Bb4 Bf6 23.Rbd1 Kg7 24.e3 Ra8 25.Rd5 Ra6 26.a3 Ra4 27.Ra5 Rxa5 28.Bxa5 Rb8
29.Bb4 a5 30.Bxa5 Rb3 31.Ra1 Bxc3 32.Bxc3+ Rxc3 33.a4 Rb3 34.Kf1 c3 35.Ke2 c2
36.Rc1 Rb2 37.Kd2 Ra2 38.Rxc2 Rxa4 39.f4 h5 40.Ke2 Kf6 41.Kf3 Ra3 42.h3 Rb3
43.Rc6+ Kg7 44.Rc5 Kf6 45.Re5 Ra3 46.Re8 Rb3 47.Rg8 Ra3 48.g4 hxg4+ 49.hxg4 Rb3
50.g5+ Ke7 51.Rh8 Ra3 52.Rh3 Ke6 53.Rh8 Ke7 54.Rb8 Ra4 55.Rb5 Rc4 56.Rb3 Ke6
57.Ra3 Rb4 58.Ra5 Ke7 59.Re5+ Kf8 60.Re4 Rb3 61.Kg4 Ra3 62.Re5 Rb3 63.e4 Rb4
64.Kf3 Rb3+ 65.Kf2 Rb2+ 66.Ke3 Rb3+ 67.Kd4 Rb4+ 68.Kc5 Ra4 69.Kd6 Rd4+ 70.Kc6 Rd1
71.f5 gxf5 72.exf5 Kg7 73.Re8 Rg1 74.f6+ Kh7 75.Kd6 Rxg5 76.Ke7 Rg1 77.Kxf7 Ra1
78.Kf8 Ra6 79.f7 Ra7 80.Rd8 Ra1 81.Ke7 Re1+ 82.Kd7  1-0

[Event "Caissa IM Oct 2013"]
[Site "Kecskemet HUN"]
[Date "2013.10.23"]
[Round "5.5"]
[White "Sean,W"]
[Black "Sarosi,Z"]
[Result "1-0"]
[WhiteElo "2360"]
[BlackElo "2272"]

1.Nf3 Nf6 2.c4 g6 3.g3 Bg7 4.Bg2 O-O 5.Nc3 d5 6.cxd5 Nxd5 7.O-O e5 8.Qb3 Nb6
9.d3 Nc6 10.Bg5 Nd4 11.Bxd8 Nxb3 12.Bxc7 Nxa1 13.Rxa1 Bd7 14.Nxe5 Bxe5 15.Bxe5 Bc6
16.Bxc6 bxc6 17.Ne4 Nd5 18.Nf6+ Nxf6 19.Bxf6 Rfe8 20.Kf1 Re6 21.Bd4 Kf8 22.Rc1 Ke8
23.Rc4 Kd7 24.Ra4 a6 25.g4 f6 26.f4 Rd6 27.Bc3 f5 28.Rb4 Ke6 29.Be5 Rd7 30.Rc4 Rc8
31.g5 Rd5 32.Ke1 Ra5 33.a3 Rb5 34.e4 c5 35.Bc3 Rb6 36.Ke2 Rbc6 37.h4 R8c7
38.Be5 Rc8 39.Kf3 Rb6 40.h5 Rbc6 41.Rc1 Rd8 42.d4 fxe4+ 43.Kxe4 Rd5 44.Rc4 a5
45.b4 axb4 46.axb4 Ra6 47.Rxc5 Rxc5 48.bxc5 Ra4 49.h6 Rc4 50.f5+ gxf5+ 51.Kd3  1-0

[Event "FSFMA November 2013"]
[Site "Budapest HUN"]
[Date "2013.11.02"]
[Round "1.2"]
[White "Nagy,Ar"]
[Black "Bodrogi,M"]
[Result "1/2-1/2"]
[WhiteElo "2142"]
[BlackElo "2108"]

1.Nf3 g6 2.g3 Bg7 3.Bg2 Nf6 4.c4 O-O 5.O-O d6 6.Nc3 e5 7.d4 Nc6 8.d5 Ne7
9.c5 h6 10.cxd6 cxd6 11.e4 Bd7 12.Qb3 b5 13.Nd2 Qb8 14.a4 b4 15.Nd1 a5 16.Nc4 Nc8
17.Qd3 Nb6 18.Nxb6 Qxb6 19.Ne3 Bc8 20.Nc4 Qb8 21.f3 Ba6 22.Be3 Rc8 23.Rfc1 Nd7
24.Bf1 Bf8 25.Qd2 Nc5 26.Bxc5 Rxc5 27.b3 Bxc4  1/2-1/2

[Event "FSFMB November 2013"]
[Site "Budapest HUN"]
[Date "2013.11.07"]
[Round "5.2"]
[White "Szlenka,Attila"]
[Black "Brassoi-Tarnovszki,Aurel"]
[Result "0-1"]
[WhiteElo "1821"]
[BlackElo "1592"]

1.Nf3 g6 2.g3 Bg7 3.Bg2 Nf6 4.c4 O-O 5.Nc3 d6 6.O-O c6 7.d4 Nbd7 8.Bg5 Qc7
9.Qd2 e5 10.e4 Re8 11.d5 c5 12.b3 a6 13.Bh6 Nf8 14.Bxg7 Kxg7 15.Nh4 Ng8 16.f4 f6
17.Rae1 h6 18.Nf3 Nh7 19.fxe5 fxe5 20.Nh4 Qe7 21.Na4 Bd7 22.Nb6 Rad8 23.b4 cxb4
24.Qxb4 Rf8 25.Nf3 Bg4 26.Nd2 Rxf1+ 27.Rxf1 Rf8 28.Qb1 Rxf1+ 29.Qxf1 Qc7
30.Qf2 Ngf6 31.h3 Bd7 32.a4 Be8 33.Nb3 Ng5 34.Nd2 Nd7 35.a5 Nc5 36.Qe3 Nh7
37.h4 Nf6 38.Bh3 Bd7 39.Nxd7 Nfxd7 40.Qc3 Nf6 41.Bg2 b6 42.axb6 Qxb6 43.Bf3 Ncxe4+
44.c5 Qxc5+ 45.Qxc5 Nxc5 46.Nc4 Ne8 47.Kf2 Kf6 48.Ke3 Nb7 49.Bd1 Nc7 50.Nb6 Nc5
51.Bc2 a5  0-1

[Event "FSFMB November 2013"]
[Site "Budapest HUN"]
[Date "2013.11.09"]
[Round "7.1"]
[White "Szlenka,Attila"]
[Black "Bacsi,A"]
[Result "0-1"]
[WhiteElo "1821"]
[BlackElo "1836"]

1.Nf3 Nf6 2.g3 g6 3.Bg2 Bg7 4.c4 O-O 5.Nc3 d6 6.O-O e5 7.d3 c6 8.Bg5 h6 9.Bd2 Nbd7
10.e4 Kh7 11.b4 Qe7 12.Rb1 Re8 13.a4 Nf8 14.h3 Be6 15.Ne1 Ng8 16.f4 exf4
17.gxf4 f5 18.Nc2 Rad8 19.b5 Qd7 20.bxc6 bxc6 21.exf5 Bxf5 22.Qf3 Rc8 23.Rfe1 Rxe1+
24.Bxe1 d5 25.c5 Ne6 26.Ne3 Nxc5 27.Nxf5 Qxf5 28.Rd1 Re8 29.d4 Bxd4+ 30.Kf1 Bg7
31.Nxd5 cxd5 32.Rxd5 Qc2 33.f5 g5 34.Bd2 Ne7 35.Qh5 Rf8 36.Bxg5 Rxf5+ 37.Kg1 Nxd5  0-1

[Event "TCh-CZE Zapad 2013-14"]
[Site "Czech Rep CZE"]
[Date "2013.11.10"]
[Round "2.8"]
[White "Urban,Z"]
[Black "Tochacek,M"]
[Result "1-0"]
[WhiteElo "2138"]
[BlackElo "2069"]

1.Nf3 Nf6 2.c4 g6 3.g3 Bg7 4.Bg2 O-O 5.O-O c6 6.d3 d5 7.Nbd2 Bg4 8.h3 Bxf3
9.Nxf3 dxc4 10.dxc4 Nbd7 11.Qc2 Qc7 12.Be3 Rac8 13.Rac1 a6 14.a4 Nh5 15.b4 e5
16.Rfd1 Rfe8 17.Qb3 Nf8 18.a5 Ne6 19.Bb6 Qe7 20.e3 c5 21.Qa4 e4 22.Rd7 Qf6
23.Nd2 cxb4 24.Qxb4 Ng5 25.Bd4 Qe6 26.Qxb7 Bxd4 27.Rxd4 Nxh3+ 28.Bxh3 Qxh3
29.Nxe4 Rb8 30.Qxf7+ Kxf7 31.Ng5+ Kg7 32.Nxh3 Nxg3 33.Rd7+ Kh6 34.fxg3 Rxe3
35.Kf2 Ra3 36.Nf4 Rb2+ 37.Ne2 Rxa5 38.Rh1+ Kg5 39.Rd5+ Rxd5 40.cxd5 Rd2 41.Rxh7 Rxd5
42.Rh4 Rf5+ 43.Ke3 Ra5 44.Rc4 Ra3+ 45.Rc3 Rxc3+ 46.Nxc3 Kg4 47.Kf2 a5 48.Kg2 Kf5
49.Kf3 Ke5 50.Ke3 Kf5 51.Na4 Kg4 52.Kf2 Kf5 53.Kf3 Ke5 54.g4 g5 55.Ke3 Kd5
56.Nc3+ Ke5 57.Ne4 a4 58.Nxg5 a3 59.Nf3+ Kd5 60.Ne1 a2 61.Nc2 Ke5 62.Na1  1-0

[Event "23rd World Seniors 2013"]
[Site "Opatija CRO"]
[Date "2013.11.14"]
[Round "3.55"]
[White "Beltz,Robert"]
[Black "Jorgensen,A"]
[Result "1/2-1/2"]
[WhiteElo "2208"]
[BlackElo "1999"]

1.Nf3 Nf6 2.c4 g6 3.g3 Bg7 4.Bg2 O-O 5.O-O d6 6.Nc3 c5 7.d4 Nc6 8.d5 Na5
9.Nd2 a6 10.Rb1 Bd7 11.e4 Rb8 12.Qc2 b5 13.Ne2 Nxc4 14.Nxc4 bxc4 15.Bd2 c3
16.Bxc3 Bb5 17.Rfe1 Bxe2 18.Rxe2 Nd7 19.f4 Bxc3 20.Qxc3 Qb6 21.Rc1 Qb4 22.Qd3 Qb5
23.Qe3 f6 24.Bh3 Rb7 25.b3 Rd8 26.Be6+ Kg7 27.h4 a5 28.Bxd7 Qxd7 29.Rc4 Rb4
30.e5 Kf8 31.h5 Rxc4 32.bxc4 Rb8 33.Kg2 a4 34.hxg6 hxg6 35.exf6 exf6 36.Kf3 Re8
37.Qc3 Kg7 38.Qe1 Rxe2 39.Qxe2 Kf7 40.Qb2 Qh3 41.Qb7+ Kg8 42.Qb1 Kf7 43.Qe1 Qd7
44.g4 Qe7 45.Qh1 Kg7 46.Qb1 Kf7 47.Qd1 Qe8 48.Qh1 Kg7 49.Qb1 Kf7 50.Qc1 Qe7
51.Qc3 Qe8 52.Qa5 Qd7 53.Qa8 Qe8 54.Qa7+ Kg8 55.Qc7 Qe1  1/2-1/2

[Event "IX Chervonograd Cup A 2013"]
[Site "Chervonograd UKR"]
[Date "2013.11.16"]
[Round "9.6"]
[White "Punin,Andrii"]
[Black "Naboka,S"]
[Result "1/2-1/2"]
[WhiteElo "2231"]
[BlackElo "2299"]

1.Nf3 Nf6 2.c4 g6 3.g3 Bg7 4.Bg2 O-O 5.O-O d6 6.Nc3 Nc6 7.Rb1 a5 8.d3 h6
9.a3 e5 10.b4 axb4 11.axb4 Be6 12.b5 Ne7 13.Rb4 Nd7 14.Ra4 Nc5 15.Rxa8 Qxa8
16.Nd2 f5 17.Nb3 Na4 18.Nxa4 Qxa4 19.Bxb7 Rb8 20.Ba6 c6 21.Nd2 Qa2 22.Qb3 Qxb3
23.Nxb3 cxb5 24.Bxb5 Nd5 25.Ba3 Bf8 26.Nc1 Nc3 27.Bc6 e4 28.h4 Nb1 29.Bxd6 Bxd6
30.dxe4 fxe4 31.Rd1 Bc5 32.Na2 Bxc4 33.Rc1 e3 34.Rxc4 exf2+ 35.Kg2 f1=Q+
36.Kxf1 Nd2+ 37.Kg2 Nxc4 38.Bd5+ Kg7 39.Bxc4 Bb4 40.Nxb4 Rxb4 41.Bd5 Kf6
42.Bf3 Ke5 43.Kf2 Kd4 44.Ba8 Rb8 45.Bf3 Rf8 46.Kg2 Ke3 47.Kg1 Rb8 48.Kg2 Rb1
49.Bg4 Rb4 50.Bf3 Rd4 51.Kg1 g5 52.hxg5 hxg5 53.Kg2 Rb4 54.Kg1 Rb6 55.Kg2 Rh6
56.Kg1 Rg6 57.Kg2 g4 58.Bb7 Kxe2 59.Ba8 Ke3 60.Bb7 Rd6 61.Ba8 Rb6 62.Bd5 Kd4
63.Ba8 Rf6 64.Bb7 Rg6 65.Ba8 Rb6 66.Kg1 Rb1+ 67.Kg2 Rb2+ 68.Kg1 Ke3 69.Bc6 Rd2
70.Bb7 Ke2 71.Ba8 Rd3 72.Kg2 Rc3 73.Be4 Ke3 74.Bb7 Rb3 75.Bc6 Rb6 76.Ba8 Rb8
77.Bc6 Kd4 78.Kg1 Kc5 79.Be4 Kd4 80.Bc6 Kc5 81.Be4 Kd4  1/2-1/2

[Event "ch-VIE w 2013"]
[Site "Ho Chi Minh City VIE"]
[Date "2013.11.23"]
[Round "7.1"]
[White "Nguyen Thi Thanh An"]
[Black "Le Hoang Tran Chau"]
[Result "1/2-1/2"]
[WhiteElo "2219"]
[BlackElo "2099"]

1.Nf3 Nf6 2.g3 g6 3.Bg2 Bg7 4.c4 O-O 5.O-O d6 6.Nc3 c6 7.Rb1 a5 8.d3 Bg4
9.h3 Bxf3 10.Bxf3 Nbd7 11.Bg2 e6 12.Bg5 d5 13.Qc1 d4 14.Ne4 Qc7 15.Nxf6+ Bxf6
16.Bxf6 Nxf6 17.Qg5 Nd7 18.b3 f5 19.e3 e5 20.exd4 exd4 21.Rfe1 Rae8 22.h4 Ne5
23.h5 Nf7 24.Qf6 Ne5 25.Qg5 Nf7 26.Qf6 Ne5 27.Qg5 Nf7  1/2-1/2